Císař Friedrich I. Barbarossa a dynastie Štaufů v německých reáliích 12. století
Problematika rímsko-Nemeckej ríše 12. storočia za vlády cisára Friedricha I. Barbarossu a dynastie Štaufov. Ich podiel na utváraní historického vývoja nemeckých krajín a stredovekého Talianska.
Saved in:
| Main Author: | |
|---|---|
| Format: | Book Chapter |
| Language: | Czech |
| Subjects: | |
| Tags: |
No Tags, Be the first to tag this record!
|
MARC
| LEADER | 00000naa$a2200000$$$4500 | ||
|---|---|---|---|
| 001 | 0263239 | ||
| 005 | 20240502074159.5 | ||
| 041 | 0 | |a cze | |
| 044 | |a SK | ||
| 245 | 1 | 0 | |a Císař Friedrich I. Barbarossa a dynastie Štaufů v německých reáliích 12. století |c Tomas Maier |
| 520 | |a Problematika rímsko-Nemeckej ríše 12. storočia za vlády cisára Friedricha I. Barbarossu a dynastie Štaufov. Ich podiel na utváraní historického vývoja nemeckých krajín a stredovekého Talianska. | ||
| 610 | 2 | 0 | |a história |
| 610 | 2 | 0 | |a Nemecko |
| 610 | 2 | 0 | |a Taliansko |
| 610 | 2 | 0 | |a reálie |
| 100 | 1 | |a Maier, Tomas, 1965- | |